[Event "Torquay Paignton Walker op"]
[Site "Torquay"]
[Date "2018.09.06"]
[Round "5"]
[White "Hamilton, Ray P"]
[Black "Miles, Barry S"]
[Result "0-1"]
[WhiteElo "118"]
[BlackElo "115"]
[PlyCount "96"]
[EventDate "2018.09.02"]
[EventType "swiss"]
[EventRounds "7"]
[EventCountry "ENG"]
[SourceTitle "CBM 187 Extra"]
[Source "ChessBase"]
[SourceDate "2018.11.04"]
[SourceVersion "1"]
[SourceVersionDate "2018.11.04"]
[SourceQuality "1"]

1. e4 c5 2. Nf3 e6 3. d4 cxd4 4. Nxd4 Nc6 5. c3 a6 6. Nxc6 bxc6 7. Bd3 Bc5 8. 0-0 Qb6 9. Qg4 Bf8 10. b3 Qc7 11. Bf4 e5 12. Be3 d6 13. Qf3 Nf6 14. h3 Be7 15. c4 0-0 16. Rc1 Be6 17. Nc3 Qb7 18. Bc2 Rac8 19. Na4 d5 20. exd5 cxd5 21. c5 Qc6 22. Nb6 Rc7 23. b4 Nd7 24. Qg3 f5 25. Bg5 Bxg5 26. Qxg5 Nxb6 27. cxb6 Qxb6 28. Qd2 Rfc8 29. Rab1 d4 30. a3 Rc3 31. a4 Qc7 32. Rb2 Qc4 33. Kh2 Qc7 34. Bb3 Bxb3 35. Qg5 Rxc1 36. Rxb3 e4+ 37. g3 Qd6 38. Kg2 f4 39. gxf4 Qg6 40. Rg3 Qxg5 41. Rxg5 Rd8 42. f5 Rd5 43. h4 g6 44. Rg4 Rxf5 45. Rxe4 Rd5 46. h5 d3 47. h6 d2 48. Re7 Rg5+ 0-1

[Event "BCF-chT4b 0405 (4NCL)"]
[Site "Telford"]
[Date "2005.01.15"]
[Round "3.6"]
[White "Hamilton, Ray P"]
[Black "Murphy, Richard LW"]
[Result "1/2-1/2"]
[WhiteElo "1785"]
[BlackElo "1725"]
[PlyCount "62"]
[EventDate "2004.11.06"]
[EventType "team-tourn"]
[EventRounds "11"]
[EventCountry "ENG"]
[SourceTitle "EXT 2006"]
[Source "ChessBase"]
[SourceDate "2005.11.24"]
[SourceVersion "1"]
[SourceVersionDate "2005.11.24"]
[SourceQuality "1"]
[WhiteTeam "Metropolitan"]
[BlackTeam "Braille Chess Association"]
[WhiteTeamCountry "ENG"]
[BlackTeamCountry "ENG"]

1. e4 e6 2. d4 d5 3. Nc3 Bb4 4. e5 c5 5. a3 Bxc3+ 6. bxc3 Ne7 7. Bg5 Nbc6 8. Qg4 Qc7 9. Bd3 Bd7 10. Nf3 Rc8 11. 0-0 Nf5 12. Bxf5 exf5 13. Qg3 h6 14. Qh4 Rg8 15. Bf4 Be6 16. Bd2 Ne7 17. Rfc1 Ng6 18. Qh5 Qe7 19. Ne1 Kd7 20. Nd3 cxd4 21. cxd4 b6 22. g3 Rc4 23. c3 Rgc8 24. Qe2 Qd8 25. Nb2 R4c7 26. Qb5+ Ke7 27. Qb4+ Ke8 28. c4 dxc4 29. Bc3 Ne7 30. Qd6 Rc6 31. Qb4 Nd5 1/2-1/2